000 00670nam a2200229 u 4500
005 20240913063918.0
008 120125s2004 es r 000 0 spa d
020 _a8497290585
035 _aUPN01000183120
049 _aCG
050 4 _aGV706.5
_bA3.6
245 0 0 _aAdolescencia y deporte /
_cEsteve Amigó ... [et al.].
260 _aBarcelona, Esp. :
_bINDE,
_c2004.
300 _a116 p.
440 3 _aEl deporte en edad escolar
650 4 _aDeportes
_xAspectos sociales
_912173
650 0 _aDeportes
_xAspectos psicológicos
_912171
650 4 _aDEPORTES -
_zESPAÑA
_913258
700 1 _aAmigó, Esteve,
_ecoaut.
905 _aLibro
999 _c155223
_d155223